书目信息 |
| 题名: |
大写的历史
|
|
| 作者: | 黄朴民 著 | |
| 分册: | 被误解的历史人物 | |
| 出版信息: | 杭州 浙江文艺出版社 2016 |
|
| 页数: | 251页 | |
| 开本: | 23cm | |
| 丛书名: | 读史馆 | |
| 单 册: | ||
| 中图分类: | K209 , K820.2 | |
| 科图分类: | ||
| 主题词: | 中国历史--普及读物 , 历史人物--人物研究--中国--古代 | |
| 电子资源: | ||
| ISBN: | 978-7-5339-4430-8 | |
| 000 | 00849oam2 2200277 450 | |
| 001 | 012001003907 | |
| 005 | 20140926114739.0 | |
| 010 | @a978-7-5339-4430-8@dCNY36.00 | |
| 100 | @a20160530d2016 em y0chiy50 ea | |
| 101 | 0 | @achi |
| 102 | @aCN@b330000 | |
| 105 | @ay z 000yd | |
| 106 | @ar | |
| 200 | 1 | @a大写的历史@9da xie de li shi@i被误解的历史人物@b专著@f黄朴民著 |
| 210 | @a杭州@c浙江文艺出版社@d2016 | |
| 215 | @a251页@d23cm | |
| 225 | 1 | @a读史馆 |
| 330 | @a本书作者从历史学家的角度,在大量占有研究资料和研究成果基础上,对历史上一些著名人物作深入独到的分析解读。 | |
| 461 | 0 | @12001 @a读史馆 |
| 606 | 0 | @a中国历史@j普及读物 |
| 606 | 0 | @a历史人物@x人物研究@y中国@z古代 |
| 690 | @aK209@v5 | |
| 690 | @aK820.2@v5 | |
| 701 | 0 | @a黄朴民@9huang pu min@4著 |
| 801 | 0 | @aCN@b上海新华@c20180901 |
| 905 | @b1154968-72@dK209@e113@f5 | |
| 大写的历史.被误解的历史人物/黄朴民著.-杭州:浙江文艺出版社,2016 |
| 251页;23cm.-(读史馆) |
| ISBN 978-7-5339-4430-8:CNY36.00 |
| 本书作者从历史学家的角度,在大量占有研究资料和研究成果基础上,对历史上一些著名人物作深入独到的分析解读。 |
| ● |
| 相关链接 |
|
|
|
|
正题名:大写的历史
索取号:K209/113
 
预约/预借
| 序号 | 登录号 | 条形码 | 馆藏地/架位号 | 状态 | 备注 |
| 1 | 1154968 | 211549680 | 第二样本阅览室/ [索取号:K209/113] | 在馆 | |
| 2 | 1154969 | 211549699 | 密集书库-文学院/ [索取号:K209/113] | 在馆 | |
| 3 | 1154970 | 211549706 | 第二借阅区/ [索取号:K209/113] | 在馆 | |
| 4 | 1154971 | 211549715 | 第二借阅区/ [索取号:K209/113] | 在馆 | |
| 5 | 1154972 | 211549724 | 第二借阅区/ [索取号:K209/113] | 在馆 |